عرض عادي
عرض مارك
- زريق، برهان
دخول Personal Name
001 - CONTROL NUMBER
- control field: 28602
003 - CONTROL NUMBER IDENTIFIER
- control field: AE-AdECS
005 - DATE AND TIME OF LATEST TRANSACTION
- control field: 20260414151812.0
008 - FIXED-LENGTH DATA ELEMENTS
- fixed length control field: 260414|| aca||aabn | a|a d
040 ## - CATALOGING SOURCE
- Original cataloging agency: AE-AdECS
- Transcribing agency: AE-AdECS
100 ## - HEADING--PERSONAL NAME
- Personal name: زريق، برهان
670 ## - SOURCE DATA FOUND
- Source citation: Work cat.: (AE-AdECS)294703: زريق، برهان مؤلف., إمكانات ومكانة الحرية والديمقراطية في المشروع النهضوي العربي الراهن :
